Perspectives on contemporary issues : (Record no. 6786)
[ view plain ]
| 000 -LEADER | |
|---|---|
| fixed length control field | 01708cam a2200253 a 4500 |
| 020 ## - INTERNATIONAL STANDARD BOOK NUMBER | |
| ISBN | 1413010687 |
| 020 ## - INTERNATIONAL STANDARD BOOK NUMBER | |
| ISBN | 1413018548 |
| 022 ## - INTERNATIONAL STANDARD SERIAL NUMBER | |
| ISSN | 9781413010688 |
| 050 00 - CALL NUMBER | |
| Classification number | PE1417 |
| Item number | .P41 |
| 100 ## - AUTHOR | |
| Personal name | Ackley, Katherine Anne. |
| 245 00 - TITLE | |
| Title | Perspectives on contemporary issues : |
| Remainder of title | readings across the disciplines / |
| Statement of responsibility, etc | [compiled and edited by] Katherine Anne Ackley. |
| 250 ## - EDITION | |
| Edition statement | 4th ed. |
| 260 ## - PUBLICATION INFORMATION | |
| Place of publication | Boston : |
| Name of publisher | Thomson/Wadsworth, |
| Year of publication | 2006. |
| 300 ## - DESCRIPTION | |
| Number of Pages | xxii, 762 p. : |
| Other physical details | ill. ; |
| Dimensions | 24 cm. |
| 500 ## - NOTES | |
| General note | Includes Index |
| 505 ## - FORMATTED CONTENTS NOTE | |
| Table of Content | Part one: Writing critically and conducting research --<br/>Reading critically --<br/>The writing process --<br/>Writing a summary --<br/>Writing a critique --<br/>Writing an argument --<br/>Synthesizing material and documenting sources using MLA style --<br/>Writing a research paper --<br/>Part two: The arts, media studies, and popular culture --<br/>Music and video games --<br/>Media studies --<br/>Film and television --<br/>The arts --<br/>Part three: Social and behavioral sciences --<br/>Education --<br/>Poverty and homelessness --<br/>Criminal behavior --<br/>Gender and sex roles --<br/>Race and ethnicity in America --<br/>Terrorism and war --<br/>America abroad in political science --<br/>Part four: Science and technology --<br/>Digital technology and the internet --<br/>Bioethics --<br/>Public health --<br/>Environmental studies --<br/>Part five: Business and economics --<br/>Marketing and the American consumer --<br/>The workplace --<br/>The economic impact of outsourcing --<br/>The global marketplace. |
| 650 #0 - SUBJECTS | |
| Topical Term | College readers. |
| 650 #0 - SUBJECTS | |
| Topical Term | Interdisciplinary approach in education |
| 650 #0 - SUBJECTS | |
| Topical Term | English language |
| General subdivision | Rhetoric |
| 650 #0 - SUBJECTS | |
| Topical Term | Academic writing |
| 650 #0 - SUBJECTS | |
| Topical Term | Current events |
| 650 #0 - SUBJECTS | |
| Topical Term | Readers |
| General subdivision | Current events. |
| 942 ## - ADDED ENTRY ELEMENTS (KOHA) | |
| Koha item type | Books |
| Withdrawn status | Lost status | Collection code | Home library | Current library | Shelving location | Date acquired | Full call number | Accession Number | Koha item type |
|---|---|---|---|---|---|---|---|---|---|
| Reference | Methodist University Library Main | Methodist University Library Main | General Stacks | 25/10/2013 | PE1417 .P41 | 38943 | Books |